Znovuzrození /

Main Author: Volkman, Alois, 1937-2024
Other Authors: Jiránek, Otakar, 1954-
Language: Czech
Published: Praha : Luxpress, 1990
Physical Description: 56 s. na volných listech v obalu, obr. příl. il. ; 20 cm
Book
Saved in:
LEADER 00832nam a22002412a 4500
001 000095804
003 CZ BrMZK
005 20211013110105.0
007 ta
008 950101s1990 xr f cze d
015 |a cnb000533717 
040 |a ABA001  |b cze 
072 7 |a 821.162.3-1  |x Česká poezie  |2 Konspekt  |9 25 
080 |a 885.0-1  |2 undef 
100 1 |a Volkman, Alois,  |d 1937-2024  |7 jk01150533  |4 aut 
245 1 0 |a Znovuzrození /  |c Alois Volkman ; [ilustrace Otakar Jiránek] 
260 |a Praha :  |b Luxpress,  |c 1990 
300 |a 56 s. na volných listech v obalu, obr. příl.  |b il. ;  |c 20 cm 
655 7 |a poezie  |7 fd131936  |2 czenas 
700 1 |a Jiránek, Otakar,  |d 1954-  |7 jn20000710101  |4 ill 
910 |a BOA001  |b 2-0961.207 
990 |a BK 
996 6 |b 2619983977  |c 2-0961.207  |l MZK  |r Sklad / do 1 hodiny  |n 6  |w 000095804  |u 000010  |a 1  |e BOA001  |j MZK50  |s P